Hàm số biến số thực (Cơ sở giải tích hiện đại)

Khái quát những kiến thức cần chuẩn bị về tập hợp, ánh xạ, quan hệ, số thực,...Trình bày khái niệm, thuật ngữ, phương pháp suy luận của không gian mêtric và không gian Tôpô. Lí thuyết độ đo Lebesgue - là cơ sở để xây dựng tích phân Lebesgue...

Celý popis

Uloženo v:
Podrobná bibliografie
Hlavní autor: Nguyễn Định (Tác giả)
Další autoři: Nguyễn Định Nguyễn Hoàng (Tác giả)
Médium: Kniha
Jazyk:Vietnamese
Vydáno: H. Nxb Giáo dục 2009
Vydání:tái bản lần 3
Témata:
Tagy: Přidat tag
Žádné tagy, Buďte první, kdo otaguje tento záznam!
Thư viện lưu trữ: Mạng thư viện Đại học Đà Nẵng
LEADER 01531nam a2200349 4500
001 000016423
003 12825
005 20121102081142.0
008 121102s2009 viesd
020 |c 28000 
041 0 |a vie 
082 |a 515.8  |b NG-Đ 
100 0 |a Nguyễn Định  |e Tác giả 
245 0 |a Hàm số biến số thực  |b (Cơ sở giải tích hiện đại)  |c Nguyễn Định; Nguyễn Hoàng tác giả 
246 |a Giáo trình dùng cho sinh viên khoa toán các trường đại học 
250 |a tái bản lần 3 
260 |a H.  |b Nxb Giáo dục  |c 2009 
300 |a 255 tr.  |c 21 cm 
520 |a Khái quát những kiến thức cần chuẩn bị về tập hợp, ánh xạ, quan hệ, số thực,...Trình bày khái niệm, thuật ngữ, phương pháp suy luận của không gian mêtric và không gian Tôpô. Lí thuyết độ đo Lebesgue - là cơ sở để xây dựng tích phân Lebesgue 
653 |a Giáo trình 
653 |a Hàm số biến số thực 
700 |a Nguyễn Định  |a Nguyễn Hoàng  |e Tác giả 
OWN |a LSP 
AVA |a UDN50  |b LSP  |d 515.8 NG-Đ  |e check_holdings  |t Error 5003 Not defined in file expand_doc_bib_avail.  |h N  |k 1 
999 |a From the UDN01 
AVA |a UDN50  |b LSP  |d 515.8 NG-Đ  |e available  |t Error 5001 Not defined in file expand_doc_bib_avail.  |f 25  |g 0  |h N  |i 5  |k 1 
TYP |a Monograph 
TYP |a Printed language 
980 |a Mạng thư viện Đại học Đà Nẵng